História a súčasnosť kremnického medailérstva

Kremnická mincovňa oslávi t.r. 666. výročie svojej nepretržitej prevádzky. História medailérstva siaha až do r. 1508. 16. stor. - slávna tradícia kremnických medailových razieb. 50-te až 90-te roky - najväčší rast potreby medailí. Súčasná medailérska tvorba. Vlastná edičná činnosť.

Gespeichert in:
Bibliographische Detailangaben
1. Verfasser: Zoričák, P.
Format: Buchkapitel
Sprache:Slowakisch
Schlagworte:
Tags: Tag hinzufügen
Keine Tags, Fügen Sie das erste Tag hinzu!

MARC

LEADER 00000naa a2200000 4500
001 r015857
005 20221205085847.1
041 0 |a slo 
044 |a SK 
245 1 0 |a História a súčasnosť kremnického medailérstva  |c P. Zoričák 
520 |a Kremnická mincovňa oslávi t.r. 666. výročie svojej nepretržitej prevádzky. História medailérstva siaha až do r. 1508. 16. stor. - slávna tradícia kremnických medailových razieb. 50-te až 90-te roky - najväčší rast potreby medailí. Súčasná medailérska tvorba. Vlastná edičná činnosť. 
610 2 0 |a mince 
610 2 0 |a Kremnica 
610 2 0 |a Slovensko 
610 2 0 |a história 
100 1 |a Zoričák, P.